Loading...
| Social Science | 0 | 5 | 0 | 2 | 50 | 53 | 77.00 | 1 | 3 | 15.91 | 41.67 |
| Fine Arts - Classical Music | 0 | 4 | 0 | 0 | 40 | 90 | 96.75 | 0 | 1 | 5.64 | 16.67 |
| Mythology | 0 | 4 | 0 | 0 | 40 | 78 | 92.00 | 0 | 1 | 7.81 | 15.56 |
| Religion | 0 | 4 | 0 | 1 | 40 | 56 | 82.75 | 0 | 0 | 10.45 | 15.56 |
| History - World | 0 | 2 | 0 | 0 | 20 | 30 | 36.50 | 0 | 2 | 12.72 | 14.44 |
| Literature - American | 0 | 2 | 0 | 1 | 20 | 78 | 97.50 | 0 | 1 | 2.71 | 7.78 |
| Literature - British | 0 | 2 | 0 | 0 | 20 | 45 | 60.00 | 0 | 2 | 9.27 | 16.67 |
| History - European | 0 | 2 | 0 | 0 | 20 | 50 | 83.50 | 0 | 0 | 5.65 | 7.78 |
| Literature - World | 0 | 2 | 1 | 0 | 15 | 97 | 100.50 | 0 | 0 | 2.20 | 7.36 |
| Painting/Sculpture | 0 | 2 | 1 | 1 | 15 | 88 | 97.50 | 0 | 0 | 0.64 | 6.11 |
| Science - Other | 0 | 1 | 0 | 0 | 10 | 62 | 62.00 | 0 | 0 | 3.80 | 6.67 |
| History - American | 0 | 1 | 0 | 0 | 10 | 66 | 66.00 | 0 | 0 | 3.40 | 5.56 |
| Philosophy | 0 | 1 | 0 | 1 | 10 | 110 | 110.00 | 0 | 0 | 0.00 | 1.59 |
| Science - Physics | 0 | 1 | 0 | 1 | 10 | 105 | 105.00 | 0 | 0 | 0.00 | 2.22 |
| Literature - European | 0 | 1 | 1 | 0 | 5 | 101 | 101.00 | 0 | 1 | 1.06 | 8.89 |
| Fine Arts - Other | 0 | 1 | 1 | 0 | 5 | 45 | 45.00 | 0 | 0 | 5.83 | 4.44 |
| Science - Biology | 0 | 1 | 1 | 0 | 5 | 98 | 98.00 | 0 | 0 | 0.00 | 1.11 |